| 000 | 01081naa a22003017a 4500 | ||
|---|---|---|---|
| 001 | BR8400181 | ||
| 003 | BR-BrBNA | ||
| 005 | 20240918175411.0 | ||
| 007 | ta | ||
| 008 | 230509b bl.||||| |||| 00| 0 por d | ||
| 040 |
_aBR-BrBNA _bpor _cBiblioteca Nacional de Agricultura |
||
| 041 | _a(Pt) | ||
| 072 |
_aF00 _b0150 |
||
| 090 | _aF00 BR8400181 | ||
| 100 | 1 | _aColasante, L.O. | |
| 245 | 1 | _aManejo da cultura do arroz [Oryza sativa] | |
| 246 | 1 | _a[Management of rice crop [Oryza sativa]] | |
| 246 | 1 | _a[Training in irrigated rice and agricultural alternatives in lowlands] | |
| 260 | 3 |
_aLondrina, PR (Brasil): _c1983. |
|
| 500 | _aTreinamento em arroz irrigado e alternativas agricolas em varzeas Londrina, PR (Brasil): 1983. p. 67-87 (BR8400181-AM)F00 | ||
| 650 | _aARROZ IRRIGADO | ||
| 650 | _aSEMEADURA | ||
| 650 | _aCULTURA IRRIGADA | ||
| 650 | _aRENDIMENTO | ||
| 773 | 0 |
_tTreinamento em arroz irrigado e alternativas agricolas em varzeas _wF00 BR8400181 _gLondrina, PR (Brasil), 1983. p. 67-87 |
|
| 909 |
_a202404 _bLucia _c55 _dLucia Elande |
||
| 942 |
_cAM _2AGRIS |
||
| 999 |
_c316514 _d316514 |
||